Mass Communication Theory & Practice (Record no. 17779)
[ view plain ]
| 000 -LEADER | |
|---|---|
| fixed length control field | 00250nam a22000977a 4500 |
| 003 - CONTROL NUMBER IDENTIFIER | |
| control field | Nust |
| 005 - DATE AND TIME OF LATEST TRANSACTION | |
| control field | 20170316132640.0 |
| 008 - FIXED-LENGTH DATA ELEMENTS--GENERAL INFORMATION | |
| fixed length control field | 140207t xxu||||| |||| 00| 0 eng d |
| 020 ## - INTERNATIONAL STANDARD BOOK NUMBER | |
| International Standard Book Number | 0 |
| 040 ## - CATALOGING SOURCE | |
| Transcribing agency | 0 |
| 082 ## - DEWEY DECIMAL CLASSIFICATION NUMBER | |
| Classification number | 302.23 HIJ |
| 100 ## - MAIN ENTRY--PERSONAL NAME | |
| Personal name | Hijazi,Dr. M.A. |
| 9 (RLIN) | 680 |
| 245 ## - TITLE STATEMENT | |
| Title | Mass Communication Theory & Practice |
| Statement of responsibility, etc. | Dr Miskeen Ali Hijazi |
| 250 ## - EDITION STATEMENT | |
| Edition statement | Revised ed. |
| 260 ## - PUBLICATION, DISTRIBUTION, ETC. | |
| Place of publication, distribution, etc. | Lahore |
| Name of publisher, distributor, etc. | A-One |
| Date of publication, distribution, etc. | 2004 |
| 300 ## - PHYSICAL DESCRIPTION | |
| Extent | xvii, 349 p. : |
| 500 ## - GENERAL NOTE | |
| General note | H.B. |
| 942 ## - ADDED ENTRY ELEMENTS (KOHA) | |
| Source of classification or shelving scheme | |
| Koha item type | Book |
| Call number prefix | 302.23 HIJ |
| Withdrawn status | Lost status | Source of classification or shelving scheme | Damaged status | Not for loan | Collection code | Permanent Location | Current Location | Shelving location | Date acquired | Total Checkouts | Full call number | Barcode | Date last seen | Price effective from | Koha item type |
|---|---|---|---|---|---|---|---|---|---|---|---|---|---|---|---|
| Institute of Environmental Science and Engineering (IESE) | Institute of Environmental Science and Engineering (IESE) | General Stacks | 03/16/2017 | 302.23 HIJ | IESE-1539 | 03/16/2017 | 03/16/2017 | Book | |||||||
| Institute of Environmental Science and Engineering (IESE) | Institute of Environmental Science and Engineering (IESE) | General Stacks | 03/16/2017 | 302.23 HIJ | IESE-1540 | 03/16/2017 | 03/16/2017 | Book |
